|
|
|
|
| LEADER |
00000nab a2200000 a 4500 |
| 001 |
vtls001014147 |
| 003 |
SK-MaSNL |
| 005 |
20260305030929.0 |
| 008 |
040720e19950131xo 0 slo |
| 035 |
|
|
|a SN101
|
| 040 |
|
|
|a SNSK
|b slo
|c SNSK
|e AACR2
|
| 041 |
0 |
|
|a slo
|
| 044 |
|
|
|a xo
|c SK
|
| 080 |
|
|
|a 796.5
|2 1981
|
| 080 |
|
|
|a 614.88
|2 1981
|
| 080 |
|
|
|a 616-083.98
|2 1981
|
| 080 |
|
|
|a 629.735.4
|2 1981
|
| 100 |
0 |
|
|a (ha)
|4 aut
|9 846414
|
| 245 |
1 |
0 |
|a Vrtulník bežne v akcii
|b Členovia Horskej služby zasahovali v raji 76 krát
|
| 610 |
2 |
7 |
|a Letecká záchranná služba (Poprad, Slovensko)
|2 SNSK
|9 176519
|
| 610 |
2 |
7 |
|a Letecká záchranná služba (Košice, Slovensko)
|2 SNSK
|9 109476
|
| 610 |
2 |
7 |
|a Horská služba (Slovenský raj, Slovensko)
|2 SNSK
|9 94305
|
| 650 |
0 |
7 |
|a použitie vrtulníkov
|2 SNSK
|9 1608401
|
| 651 |
|
7 |
|a Národný park Slovenský raj (Slovensko)
|2 SNSK
|9 14391
|
| 651 |
|
7 |
|a Spišská Nová Ves (Slovensko : okres)
|2 SNSK
|9 22259
|
| 651 |
|
7 |
|a SN,
|2 SNSK
|9 1021277
|
| 655 |
|
7 |
|a periodikum
|2 snkbucl
|9 29553
|
| 710 |
2 |
|
|a Letecká záchranná služba, Poprad
|4 aut
|9 1016757
|
| 710 |
2 |
|
|a Letecká záchranná služba (Košice, Slovensko)
|4 aut
|9 109476
|
| 710 |
2 |
|
|a Horská záchranná služba (Slovenský raj, Slovensko)
|4 aut
|9 55610
|
| 773 |
0 |
8 |
|t Spišský kuriér
|g Roč. 4, č.4, 31.1.1995, s. 3
|
| 852 |
|
|
|a ZVYKNI
|b KIS3GCP
|
| 999 |
|
|
|c 3313751
|d 3315681
|